000 00632cam a22002293a 4500
001 13029
003 PGUSA
005 20140828083300.0
008 040726s2004||||xxu|||||s|||||000 | eng d
040 _aPGUSA
_beng
042 _adc
050 4 _aPN
100 1 _aLindsay, Vachel,
_d1879-1931
245 1 4 _aThe Art of the Moving Picture
_h[electronic resource] /
_cVachel Lindsay
260 _bProject Gutenberg,
_c2004
506 _aPublic domain in the USA.
516 _aElectronic text
653 _aMotion pictures
830 0 _aProject Gutenberg
_v13029
856 4 0 _uhttp://www.gutenberg.org/ebooks/13029
942 _cEB
999 _c242284
_d242284